Ten tales from Shakespeare / (Record no. 234530)
[ view plain ]
| 000 -LEADER | |
|---|---|
| fixed length control field | 01402cam a22003014a 4500 |
| 001 - CONTROL NUMBER | |
| control field | 12964506 |
| 003 - CONTROL NUMBER IDENTIFIER | |
| control field | Nust |
| 005 - DATE AND TIME OF LATEST TRANSACTION | |
| control field | 20170322111105.0 |
| 008 - FIXED-LENGTH DATA ELEMENTS--GENERAL INFORMATION | |
| fixed length control field | 021011s2003 nyu 000 0 eng |
| 010 ## - LIBRARY OF CONGRESS CONTROL NUMBER | |
| LC control number | 2002035174 |
| 020 ## - INTERNATIONAL STANDARD BOOK NUMBER | |
| International Standard Book Number | 9780140366778 (pbk.) |
| 040 ## - CATALOGING SOURCE | |
| Original cataloging agency | DLC |
| Transcribing agency | DLC |
| Modifying agency | DLC |
| 042 ## - AUTHENTICATION CODE | |
| Authentication code | pcc |
| 050 00 - LIBRARY OF CONGRESS CALL NUMBER | |
| Classification number | PR2877 |
| Item number | .L3 2003 |
| 082 00 - DEWEY DECIMAL CLASSIFICATION NUMBER | |
| Classification number | 823.7 |
| Author Mark | SHA |
| 100 1# - MAIN ENTRY--PERSONAL NAME | |
| Personal name | Lamb, Charles, |
| Dates associated with a name | 1775-1834. |
| 240 10 - UNIFORM TITLE | |
| Uniform title | Tales from Shakespeare. |
| Form subheading | Selections |
| 245 10 - TITLE STATEMENT | |
| Title | Ten tales from Shakespeare / |
| Statement of responsibility, etc. | Charles and Mary Lamb. |
| 260 ## - PUBLICATION, DISTRIBUTION, ETC. | |
| Place of publication, distribution, etc. | Mineola, N.Y. : |
| Name of publisher, distributor, etc. | Dover Publications, |
| Date of publication, distribution, etc. | 2003. |
| 300 ## - PHYSICAL DESCRIPTION | |
| Extent | v, 346 p. ; |
| Dimensions | 21 cm. |
| 440 #0 - SERIES STATEMENT/ADDED ENTRY--TITLE | |
| Title | Dover evergreen classics |
| 505 0# - FORMATTED CONTENTS NOTE | |
| Formatted contents note | The tempest -- A Midsummer night's dream -- As you like it -- The merchant of Venice -- King Lear -- Macbeth -- The taming of the shrew -- Romeo and Juliet -- Hamlet, Prince of Denmark -- Othello. |
| 600 10 - SUBJECT ADDED ENTRY--PERSONAL NAME | |
| Personal name | Shakespeare, William, |
| Dates associated with a name | 1564-1616 |
| General subdivision | Stories, plots, etc. |
| 600 10 - SUBJECT ADDED ENTRY--PERSONAL NAME | |
| Personal name | Shakespeare, William, |
| Dates associated with a name | 1564-1616 |
| Form subdivision | Adaptations. |
| 700 1# - ADDED ENTRY--PERSONAL NAME | |
| Personal name | Lamb, Mary, |
| Dates associated with a name | 1764-1847. |
| 856 42 - ELECTRONIC LOCATION AND ACCESS | |
| Materials specified | Publisher description |
| Uniform Resource Identifier | <a href="http://www.loc.gov/catdir/description/dover033/2002035174.html">http://www.loc.gov/catdir/description/dover033/2002035174.html</a> |
| 906 ## - LOCAL DATA ELEMENT F, LDF (RLIN) | |
| a | 7 |
| b | cbc |
| c | orignew |
| d | 1 |
| e | ocip |
| f | 20 |
| g | y-gencatlg |
| 942 ## - ADDED ENTRY ELEMENTS (KOHA) | |
| Source of classification or shelving scheme | |
| Koha item type | Book |
| Withdrawn status | Lost status | Source of classification or shelving scheme | Damaged status | Not for loan | Collection code | Permanent Location | Current Location | Shelving location | Date acquired | Total Checkouts | Total Renewals | Full call number | Barcode | Checked out | Date last seen | Date last checked out | Copy number | Price effective from | Koha item type |
|---|---|---|---|---|---|---|---|---|---|---|---|---|---|---|---|---|---|---|---|
| Central Library (CL) | Central Library (CL) | Fiction | 03/22/2017 | 4 | 5 | 823.7 SHA | CL965 | 02/01/2026 | 01/02/2026 | 01/02/2026 | 1 | 03/22/2017 | Book |
